Widok standardowy
Widok MARC
Pozycja Personal Name
Liczba rekordów, w których użyto hasła: 1
001 - Numer kontrolny
- control field: 39757
003 - Identyfikator numeru kontrolnego
- control field: NUKAT
005 - Data i czas ostatniej modyfikacji
- control field: 20260409122533.0
008 - Dane kontrolne kodowane (40 znaków)
- fixed length control field: 150430n||aaznnbabn |a ana |c
010 ## - Numer kontrolny Biblioteki Kongresu
- numer kontrolny LC: sx2011538155
040 ## - Instytucja sporządzająca rekord
- inst. przygot. dane do rek. khw: WR U/bk
- język haseł przedmiotowych/tezaurus: kaba
- inst. wprow. rek. khw: WR U/bk
100 1# - Hasło - nazwa osobowa
- nazwa osobowa w formie ujednoliconej: Kurtyka, Janusz
- daty biograficzne: (1960-2010)
- określnik rzeczowy: myśl polityczna i społeczna.